000 00332nam a2200133Ia 4500
008 191201s2017 xx 000 0 und d
082 _a362.109 GAL
100 _aGATTANI, Surendera G
245 0 _aLife style diseases
260 _bNirali Prakashan
_aNew Delhi
_c2017
300 _aMISC
650 _aMiscellaneous
942 _2ddc
_cBK
999 _c8287
_d8287